All FNCS Winners in NA and EU - Statistics

General Stats
  • This quiz has been taken 481 times
  • The average score is 59 of 129
Answer Stats
Hint Answer % Correct
Grand Royale Trio | Season 1 Duo | Season 8 Trio | Solo World Cup 2019 Bugha
88%
Chapter 2 Season 4 Trio Mongraal
87%
Chapter 2 All Star Showdown Solo | Chapter 2 Season 3 Solo | Grand Royale Trio | +2 others Tayson
86%
Chapter 3 Season 2 Duo | Major 2 Duo Veno
83%
Season 8 Trio | World Cup Invitational 2022 Kami
82%
Chapter 3 Season 1 Duo | Duo World Cup 2023 | Grand Royale Trio | +3 others Mero
82%
Chapter 3 Season 2 Duo Peterbot
82%
Chapter 2 Season 8 Trio | World Cup Invitational 2022 Setty
81%
Duo World Cup 2019 | Season 2 Duo | Season X Trio Aqua
79%
Season 4 Trio Mitro
78%
Chapter 2 Season 6 Trio | Chapter 4 Major 2 Duo | Season 1 Duo Queasy
77%
Chapter 4 Major 1 Duo Merstach
74%
Chapter 2 Season 3 Solo Coop
69%
Grand Royale Trio | Season 2 Duo | Season 4 Trio | +3 others Epikwhale
67%
Major 1 Duo Cold
66%
Chapter 4 Major 1 Duo | Season 5 Trio Acorn
65%
Chapter 2 Season 8 Trio Muz
59%
Duo World Cup 2023 Cooper
58%
Chapter 2 Grand Royale Trio | Chapter 2 Season 5 Trio | Chapter 3 Season 1 Duo Hen
58%
Chapter 2 Invitational 2020 | Chapter 3 Season 3 Duo | Season 5 Trio Jannisz
58%
Season 1 Squad Ronaldo
58%
Major 3 Duo Khanada
57%
Season 3 Duo Vadeal
57%
Season 8 Trio Teeq
53%
Chapter 4 Major 3 Duo Swizzy
50%
Season 6 Trio Trulex
50%
Season 2 Duo Bylah
49%
Chapter 2 Grand Royale Trio | Chapter 2 Season 7 Trio | Chapter 4 Major 2 Duo Dukez
49%
Chapter 2 Season 1 Squad Unknown
49%
Grand Royale Trio | Season 5 Trio Chapix
48%
Chapter 2 Season 8 Trio Reet
48%
Season X Trio Stompy
48%
Chapter 2 Season 4 Trio | Chapter 2 Season 6 Trio Deyy
44%
Chapter 4 Major 3 Duo Ajerss
42%
Chapter 2 Season 2 Duo Andilex
42%
Season 4 Trio | Season 6 Trio Reverse2k
38%
Season 2 Duo Nayte
37%
Chapter 2 Season 7 Trio Stormyrite
37%
Major 3 Duo Putrick
36%
Season 1 Squad | Season 3 Duo Avery
35%
Season X Trio Tschinken
34%
Major 2 Duo Edgey
33%
Season X Trio Mackwood
33%
Chapter 2 Season 7 Trio Toose
33%
Chapter 2 Season 2 Duo Zayt
32%
Season 2 Duo Saf
31%
Chapter 2 Grand Royale Trio | Chapter 2 Invitational 2020 | Chapter 2 Season 4 Trio | +3 others Arkhram
30%
Chapter 3 Season 3 Duo Commandment
30%
Season X Trio Zexrow
29%
Duo World Cup 2019 Nyrox
28%
Chapter 2 Season 1 Squad Redrush
27%
Major 1 Duo Boltz
25%
Season 1 Squad Wakie
25%
Season 5 Trio Jahq
24%
Season 1 Squad Kez
24%
Season 6 Trio Jureky
23%
Chapter 2 Season 2 Duo | Grand Royale Trio | Season 4 Trio | +3 others Rehx
23%
Season 1 Squad Znappy
23%
Season X Trio Yung calculator
21%
Season 1 Squad Drobban
20%
Chapter 2 Season 7 Trio Justice
20%
Chapter 2 Season 5 Trio Slackes
20%
Chapter 2 Season 7 Trio Userz
20%
Chapter 2 All Star Showdown Solo Pamstou
18%
Chapter 2 Invitational 2020 Furious
16%
Season 1 Duo | Season 2 Duo | Season 8 Trio Snacky
16%
Chapter 2 Season 7 Trio Kiryache32
12%
Chapter 3 Season 1 Duo | Chapter 3 Season 2 Duo | Season 8 Trio Favs
11%
Chapter 4 Major 1 Duo Thor
11%
Chapter 2 Season 3 Solo Vert
9%
Chapter 2 All Star Showdown Solo Riversan
7%
Season 3 Duo Yumi
6%
Season X Trio Dog
5%
Chapter 3 Season 3 Duo Kewl
5%
Season X Trio Buubee
3%
Season 1 Squad Domo
3%
Chapter 1 Season X Trio Jayrosez
3%
Season 1 Squad Kyzui
2%
Chapter 2 Season 1 Squad Sogys
2%
Season 1 Squad Vicaros
2%
No matching quizzes found
Score Distribution
Percent of People with Each Score
Percentile by Number Answered
Your Score History
You have not taken this quiz